ARRUPE JESUIT UNIVERSITY

CORONAVIRUS -STOP THE SPREAD - CLEAN,DISINFECT,COVER

Seven Theories of Human Nature (Record no. 30585)

MARC details
000 -LEADER
fixed length control field 00427nam a2200193Ia 4500
003 - CONTROL NUMBER IDENTIFIER
control field 0100
005 - DATE AND TIME OF LATEST TRANSACTION
control field 20190219090413.0
008 - FIXED-LENGTH DATA ELEMENTS--GENERAL INFORMATION
fixed length control field 130303s9999 xx 000 0 und d
040 ## - CATALOGING SOURCE
Transcribing agency ARRUPELIB
050 ## - LIBRARY OF CONGRESS CALL NUMBER
Classification number BD450.S766 1974
300 ## - PHYSICAL DESCRIPTION
Dimensions 23cm.
100 ## - MAIN ENTRY--PERSONAL NAME
Personal name Stevenson, Leslie
9 (RLIN) 44729
245 ## - TITLE STATEMENT
Title Seven Theories of Human Nature
Statement of responsibility, etc Leslie Stevenson
260 ## - PUBLICATION, DISTRIBUTION, ETC. (IMPRINT)
Place of publication, distribution, etc New York
Name of publisher, distributor, etc Oxford University Press
Date of publication, distribution, etc 1987
300 ## - PHYSICAL DESCRIPTION
Extent x, 128p. ;
650 ## - SUBJECT ADDED ENTRY--TOPICAL TERM
Topical term or geographic name as entry element Man
9 (RLIN) 17934
942 00 - ADDED ENTRY ELEMENTS (KOHA)
Koha issues (borrowed), all copies 16
Source of classification or shelving scheme Library of Congress Classification
Koha item type Monograph ( Printed materials)
Holdings
Withdrawn status Lost status Source of classification or shelving scheme Damaged status Not for loan Collection code Home library Current library Shelving location Date acquired Total Checkouts Full call number Barcode Date last seen Copy number Price effective from Koha item type Date checked out
    Library of Congress Classification     Main Collection ARRUPE LIBRARY ARRUPE LIBRARY Main Collection 04/03/2013   BD450.S766 1974 46600003858 02/09/2016 1 04/03/2013 Monograph ( Printed materials)  
    Library of Congress Classification     Main Collection ARRUPE LIBRARY ARRUPE LIBRARY Main Collection 04/03/2013 4 BD450.S766 1974 46003089935 18/10/2022 2 04/03/2013 Monograph ( Printed materials) 14/10/2022
    Library of Congress Classification     Main Collection ARRUPE LIBRARY ARRUPE LIBRARY Main Collection 04/03/2013 3 BD450.S766 1974 46003013854 02/09/2016 3 04/03/2013 Monograph ( Printed materials) 25/09/2013
    Library of Congress Classification     Main Collection ARRUPE LIBRARY ARRUPE LIBRARY Main Collection 04/03/2013 5 BD450.S766 1974 46003013849 25/10/2021 4 04/03/2013 Monograph ( Printed materials) 05/07/2019
    Library of Congress Classification     Main Collection ARRUPE LIBRARY ARRUPE LIBRARY Main Collection 04/03/2013   BD450.S766 1974 46003013839 02/09/2016 5 04/03/2013 Monograph ( Printed materials)  
    Library of Congress Classification     Main Collection ARRUPE LIBRARY ARRUPE LIBRARY Main Collection 04/03/2013 5 BD450.S766 1974 46003013837 02/09/2016 6 04/03/2013 Monograph ( Printed materials) 27/11/2013
    Library of Congress Classification     Main Collection ARRUPE LIBRARY ARRUPE LIBRARY Main Collection 04/03/2013 5 BD450.S766 1974 46003091801 02/02/2017 7 04/03/2013 Monograph ( Printed materials) 11/08/2016
    Library of Congress Classification     Main Collection ARRUPE LIBRARY ARRUPE LIBRARY Main Collection 04/03/2013   BD450.S766 1974 46003013855 02/09/2016 8 04/03/2013 Monograph ( Printed materials)  

 

Arrupe Library. PO Box MP320 Mt Pleasant, Harare, Zimbabwe
263 242 745411|librarian@aju.ac.zw